000 00326 a2200157 4500
001 184338
020 _a
040 _cMagnum
100 _aBorges, Anselma
240 1 0 _aA força do amor
_lpor
245 1 0 _aA força do amor
300 _a78
440 1 _aEdições Loyola
697 _aLITERATURA JUVENIL
942 _cBK
999 _c184338
_d184338